000 01428nam a2200217Ia 4500
003 Ost
005 20260507075646.0
008 260507s9999||||xx |||||||||||||| ||und||
020 _a×056328977
040 _cfsecg
041 _aara
082 _a336
100 _aحشيش، عادل أحمد
_eمؤلف
245 0 _aأصول الفن المالي للإقتصاد العام :
_bمدخل لدراسة أساسيات المالية العامة /
_c عادل أحمد حشيش
260 _aالإسكندرية:
_bدارالجامعة الجديدة للنشر,
_c2001
300 _a370 صفحة؛
_bإيضاحات ؛
_c24 سم
520 _aمفاهيم ومرتكزات أساسية- بيان النفقة العامة- حجم النفقات العامة- ضوابط الإنفاق العام- إعتبار الأثار الإقتصادية للنفقات العامة- إيرادات الدولة الإقتصادية- ايرادات الدولة السياحية- ايرادات الدولة الإنتمائية- ماهية الميزانية العامة للدولة- دورة الميزانية العامة ومراحلها المختلفة- الإدماج المالي والإقتصادي والإجتماعي للميزانية العامة- الخدمات العامة والإنتاج العامة.
653 _aالإقتصاد العام
653 _aالمالية العامة
942 _cكتاب
999 _c45488
_d45488